| 000 | 00582nam a2200193 a 4500 | ||
|---|---|---|---|
| 001 | 000019709 | ||
| 005 | 20200929170118.0 | ||
| 008 | 100702s1975 sp ah 000 mdspa d | ||
| 020 | _a8433402277 | ||
| 040 |
_aDO-SdBNP _bspa _cBNPHU |
||
| 082 |
_a928.617285 _bD218C |
||
| 100 | 1 |
_aConcha, Jaime, _916910 |
|
| 245 | 1 | 0 |
_aRuben Dario / _cJaime Concha. |
| 260 |
_aMadrid : _bJucar, _c1975. |
||
| 300 |
_a206 p., [8] : _bill., fasc. ; _c18 cm. |
||
| 490 | 0 |
_aLos Poetas _v12 |
|
| 600 | 1 | 0 |
_aDARÍO, RUBEN, _d1867-1916. _915535 |
| 700 | 1 | 2 |
_aDario, Ruben, _d1867-1916. _tSelections. 1975. _942156 |
| 999 |
_c19224 _d19224 |
||